Регионална библиотека "Любен Каравелов" - Русе

Седемте чудеса на света (Запис номер 106552)

MARC детайли
000 -Лидер
Контролно поле с фиксирана дължина 02974nam a2200529 c 4500
003 - Код на организацията, давaща контролен номер
Контролно поле BLK
005 - Дата и час на последна редакция
Контролно поле 20240429163957.0
008 - Елементи от данни с фиксирана дължина
fixed length control field 180409b bul|||||r ||||||| ||bul||
010 ## - Наследен системен номер
LC control number KNG00111812000
020 ## - Международен стандартен номер на книга ISBN
Международен стандартен номер на книга ISBN 954-584-200-8
-- издат.: Мария Арабаджиева
040 ## - Източник на каталожния запис
Идентификатор на билиотеката - собственик на записа BLK
041 ## - Код за език
Код за езика на текст/звукозапис или на отделно заглавие Български
Код за езика КДБФ Български
080 ## - УДК
Текстов определител УДК Стара и антична история
УДК код - определител по УДК 931
УДК определител
УДК - код + определител 931
080 ## - УДК
Текстов определител УДК Паметници на културата на историческите периоди. Археологическите паметници. Старини
УДК код - определител по УДК 904
УДК определител
УДК - код + определител 904
080 ## - УДК
Текстов определител УДК Разпространяване на научните знания - популяризиране на науката, занимателна наука, учение за явленията научно необяснени, заблуждения и фалшификации, илюзии и др. п., секретност на научните знания
УДК код - определител по УДК 001.9
УДК определител
УДК - код + определител 001.9
100 1# - Редна дума - Автор
Автор Роумър, Джон
Авторска отговорност първи автор
R(LIN) 246734
139 ## - Редно поле
Редна дума Роумър, Джон и др.
Авторски знак Рот - Р 87
245 10 - Сведения за заглавието
Заглавие Седемте чудеса на света
Подзаглавни данни История на съвр. въображение
Редно поле (дума) Джон Роумър; съавт. Елизабет Роумър; прев. от англ. Мария Арабаджиева; прев. от англ. Борис Александров.
250 ## - Област на изданието
Сведения за изданието Ново изд.
257 ## - Страна на издаване
Страна на създаване/издаване Съединени американски щати
260 ## - Област на издателските данни
-- София
Име на издателя, разпространителя и проч. Мария Арабаджиева
Година на издаване 2004
Печатница София : Балкан прес
300 ## - Физическа характеристика
Страници 400 с.
Илюстрации и др. с ил.
Размери/Мащаб 24 см
380 ## - Жанр
Жанр История
500 ## - Общи забележки
Забележка Ориг. загл. The Seven Wonders of the World / John Elizabeth Romer. - Офс. изд. - Съдържа и Кратък енциклопедичен речник. - В кн. означено 2. изд.
650 #4 - Допълнително описание по предмет – тема
Основно описание – тема или топоним Археологически паметници
9 (RLIN) 243363
650 #4 - Допълнително описание по предмет – тема
Основно описание – тема или топоним Древен свят - история
9 (RLIN) 243364
650 #4 - Допълнително описание по предмет – тема
Основно описание – тема или топоним История, стара
9 (RLIN) 245372
650 #4 - Допълнително описание по предмет – тема
Основно описание – тема или топоним Природни явления
9 (RLIN) 243365
650 #4 - Допълнително описание по предмет – тема
Основно описание – тема или топоним Архитектура - древен свят
9 (RLIN) 299615
650 #4 - Допълнително описание по предмет – тема
Основно описание – тема или топоним Скулптура
9 (RLIN) 171073
653 ## - Ключова дума – ненормативна
Ключова дума археологически паметници
653 ## - Ключова дума – ненормативна
Ключова дума природни явления
653 ## - Ключова дума – ненормативна
Ключова дума древен свят
653 ## - Ключова дума – ненормативна
Ключова дума история
653 ## - Ключова дума – ненормативна
Ключова дума архитектура
653 ## - Ключова дума – ненормативна
Ключова дума скулптура
653 ## - Ключова дума – ненормативна
Ключова дума седемте чудеса на света
700 1# - Други автори (авторска отговорност)
Лично име Роумър, Елизабет
Автороска отговорност (Описва отношението между автора и произведението) съавт.
9 (RLIN) 246735
700 1# - Други автори (авторска отговорност)
Лично име Арабаджиева, Мария
Автороска отговорност (Описва отношението между автора и произведението) прев. от англ.
9 (RLIN) 367954
700 1# - Други автори (авторска отговорност)
Лично име Александров, Борис
Автороска отговорност (Описва отношението между автора и произведението) прев. от англ.
9 (RLIN) 370547
852 ## - Местоположение
Форматна сигнатура Цб 218644
856 4# - Електронен адрес и достъп
Електронен формат pdf - файл
Път до файла /url/
856 4# - Електронен адрес и достъп
Електронен формат pdf - файл
Път до файла /url/
942 ## - АРТИКУЛИ
Вид на библиотечния материал Книги
Скрит в OPAC Не
Koha issues (borrowed), all copies 3
944 ## - СЪЗДАВАНЕ И РЕДАКЦИЯ на ЗАПИСА
Създаване/Редакция Създаване
Дата на регистрацията/редакция 19.03.2004
Служител, извършил регистрацията/редакцията 30531
Статус, дата на статуса Цветелина Шанова
944 ## - СЪЗДАВАНЕ И РЕДАКЦИЯ на ЗАПИСА
Създаване/Редакция Редакция
Дата на регистрацията/редакция 27.06.2017
Служител, извършил регистрацията/редакцията Людмила_Стоянова
999 ## - СИСТЕМНИ КОНТРОЛНИ НОМЕРА
Koha biblionumber 106552
Koha biblioitemnumber 106552
Наличности
Код за отписване Код за изгубен артикул Източник на класификационната схема Код за повреда Коз за рестрикции Код за отдаване Артикулен № Име на библиотеката - собственик Име на библиотеката, в която се намира в момента Статус (Текущо местоположение) Дата на вписване в системата Местоположение - отдел Цена в лева Инвентарен номер Систематично азбучна сигнатура Баркод Номер на екземпляра Цена в евро Служебна бележка Служебен тип на артикула
  Не е изгубен Universal Decimal Classification Не е повреден без рестрикции заемане за дома 171803 Регионална библиотека "Любен Каравелов" Русе Регионална библиотека "Любен Каравелов" Русе Заемна - подръчен фонд 2004-03-19 Заемна - подръчен фонд 8.90 120000683794 П 94(3)/Р 87 120000683794 1 4.55 Дост: Pk Вид: Ф N: 8866 Дата: 16.03.2004 Дата инв: 09.02.2018 Бележки инв: П2018 Книги
  Не е изгубен   Не е повреден без рестрикции ползва се в читалня 171804 Регионална библиотека "Любен Каравелов" Русе Регионална библиотека "Любен Каравелов" Русе Хранилище 2007-02-21 Хранилище 12.90 120000710017 Цб 218644 120000710017 2 6.60 Дост: Dp Вид: Д N: 17 Дата: 05.04.2006 Книги
Vip Innovations Ltd, Rousse, Bulgaria 2025